Sports Quiz

Random Sports or Basketball Quiz

NBA Over/Under 20 PPG Quiz Stats

Quiz Updated Feb 21, 2017

Also try: NBA 30 PPG Seasons
Challenge
Share
Tweet
Embed
Score 0/60 Timer 03:00
6 Plays Today
Player Over or Under* % Correct
Michael Jordan???
97.8%
Allen Iverson???
94.8%
Wilt Chamberlain???
93.7%
Kareem Abdul-Jabbar???
93.3%
Shaquille O'Neal???
92.5%
Karl Malone???
92.3%
Larry Bird???
91.8%
Dirk Nowitzki???
91.3%
Kobe Bryant???
88.1%
Hakeem Olajuwon???
87.2%
Jerry West???
86.6%
Juwan Howard???
86.5%
Dominique Wilkins???
86.2%
Julius Erving???
85.2%
Chauncey Billups???
84.5%
Oscar Robertson???
84.3%
Corey Maggette???
83.5%
Damon Stoudamire???
82.3%
Kevin Loughery???
82.2%
Mookie Blaylock???
81.6%
Steve Nash???
81.1%
Moses Malone???
79.7%
Charles Barkley???
79.7%
David Robinson???
79.6%
Tony Parker???
79.5%
Nick Van Exel???
79.5%
Manu Ginobili???
78.7%
Elgin Baylor???
78.2%
Carlos Boozer???
78.1%
Jo Jo White???
77.7%
Player Over or Under* % Correct
Patrick Ewing???
76.6%
Clyde Drexler???
76.4%
Pete Maravich???
76.4%
John Stockton???
74.4%
Robert Parish???
73.6%
Dwayne Wade???
73.2%
Latrell Sprewell???
73.1%
Alonzo Mourning???
70.1%
Dave Cowens???
69.2%
Rick Barry???
68.8%
John Havlicek???
67.8%
Pau Gasol???
67.7%
Stephon Marbury???
67.6%
Paul Pierce???
62.8%
Jerry Stackhouse???
62.4%
Yao Ming???
62.2%
Tim Hardaway???
61.8%
Dwight Howard???
59.3%
Kevin McHale???
59.1%
Bob McAdoo???
58.8%
Chris Webber???
58.2%
Alex English???
58.2%
Gilbert Arenas???
56.4%
Jerry Lucas???
55.7%
Bill Russell???
54.4%
Magic Johnson???
51.1%
Walt Frazier???
50.6%
Adrian Dantley???
49.8%
Scottie Pippen???
49%
Kevin Garnett???
27.5%

You're not logged in!

Compare scores with friends on all Sporcle quizzes.
Join for Free
OR
Log In

You Might Also Like...

Show Comments

Extras

Top Quizzes Today


Score Distribution

Your Account Isn't Verified!

In order to create a playlist on Sporcle, you need to verify the email address you used during registration. Go to your Sporcle Settings to finish the process.

Report this User

Report this user for behavior that violates our Community Guidelines.

Details: